1347 1756 1551 1589 1231 1194 1498 1316 1060 1715 1411 1869 1496 1576 1132 1342 1550 1312 1526 1358 1100 1551 1823 1453 1526 1208 1279 1707 1891 1589 1432 1503 1028 1083 1716 1311 1993 1414 1730 1698 1036 1192 1984 1090 1182 1898 1610 1597 1215 1193 1121 1747 1368 1930 1029 1353 1534 1380 1445 1392 1149 1243 1690 1398 1520 1836 1096 1756 1744 1562 1313 1838 1461 1365 1689 1534 1047 1598 1617 1642 1588 1779 1058 1149 1220 1575 1628 1380 1630 1996 1504 1157 1306 1288 1753 1060 1406 1025 1374 BCNSPRNW ULIB Ver.6.0+V

เปลี่ยนเป็นภาษาไทย

Change to English
 แสดงรายละเอียดบรรณานุกรม
  กลับหน้าหลัก

Brief Record : Get Marc (ISO 2709) : E-mail record : QR code < ปิดหน้าต่าง
LEADER : 00000nam 2200000uu 4500
001    13399113568
003     ULIB
008    111128s2550||||th 000 0 tha d
020    ^a9789744347954
090    ^aนว.^bท339ร 2550
100 0  ^aทักษิณา
245 00 ^aรักละมุน...อุ่นดวงใจ/^cทักษิณา
250    ^aพิมพ์ครั้งที่ 1
260    ^aกรุงเทพฯ :^bฟิสิกส์เซ็นเตอร์,^c2550
300    ^a257 หน้า
710 1  ^aฟิสิกส์เซ็นเตอรื
945    ^p165^l0^i14004
995    ^aกัณชพร
999    ^aใช้งานได้ทุกระบบ
รายการนี้ยังไม่มีแท็ก
คุณยังไม่ได้ล็อกอิน คุณสามารถมีกิจกรรมร่วมกับเว็บไซต์ได้ แต่ต้องล็อกอินก่อน ::
  ล็อกอิน

รายการสื่อสารสนเทศ

ลำดับที่ ประเภท เลขเรียก/บาร์โค้ด สถานที่ สถานะ
1. วิทยาศาสตร์การแพทย์ และสุขภาพ
วิทยาศาสตร์การแพทย์ และสุขภาพ
นว. ท339ร 2550  
  Barcode: 14004
ห้องสมุดวิทยาเขตสวรรค์ประชารักษ์
►นวนิยาย
บนชั้น
  ขอยืม

รายการใกล้เคียง
    ผู้แต่ง [ทักษิณา]

BibComment


ยังไม่เคยถูกคอมเมนท์

คอมเมนท์ทรัพยากรรายการนี้
  คอมเมนท์: รักละมุนอุ่นดวงใ..


 Copyright 2026. Bcnsprnw @Library